Normal view
MARC view
Entry Topical Term
001 - CONTROL NUMBER
- control field: 16890
003 - CONTROL NUMBER IDENTIFIER
- control field: OSt
005 - DATE AND TIME OF LATEST TRANSACTION
- control field: 20260601101217.0
008 - FIXED-LENGTH DATA ELEMENTS
- fixed length control field: 260601|| aca||aabn | a|a d
040 ## - CATALOGING SOURCE
- Original cataloging agency: OSt
- Transcribing agency: OSt
150 ## - HEADING--TOPICAL TERM
- Topical term or geographic name entry element: Physics teachers
- General subdivision: Training of
670 ## - SOURCE DATA FOUND
- Source citation: Work cat.: (OSt)6200: Dayot, Peter T. author 5777, A preliminary survey of conception on force, gravity and electric circuits among physics teachers from the public high schools in Central Visayas /, 1993.
